[Event "ROM-ch U12 Girls"]
[Site "Calimanesti"]
[Date "2018.03.27"]
[Round "1"]
[White "Artene, Maria Alexandra"]
[Black "Ticoi, Roberta Maria"]
[Result "1-0"]
[WhiteElo "1239"]
[BlackElo "1001"]
[PlyCount "45"]
[EventDate "2018.03.27"]
[EventType "swiss"]
[EventRounds "9"]
[EventCountry "ROU"]
[SourceTitle "CBM 183 Extra"]
[Source "ChessBase"]
[SourceDate "2018.04.19"]
[SourceVersion "1"]
[SourceVersionDate "2018.04.19"]
[SourceQuality "1"]

1. d4 d5 2. c4 Nc6 3. Nc3 dxc4 4. e3 e5 5. d5 a6 6. dxc6 Qe7 7. Bxc4 bxc6 8. Nge2 Be6 9. Bxe6 fxe6 10. 0-0 Rd8 11. Qa4 Rd7 12. Rd1 Rxd1+ 13. Qxd1 Nf6 14. Qd3 e4 15. Nxe4 Ng4 16. h3 c5 17. hxg4 c4 18. Qxc4 c5 19. Qxa6 g5 20. Qb5+ Kf7 21. Bd2 h5 22. Qxc5 Qxc5 23. Nxc5 1-0

[Event "ROM-ch U10 Girls"]
[Site "Baile Felix"]
[Date "2017.02.02"]
[Round "1"]
[White "Nicula, Andreea Elena"]
[Black "Artene, Maria Alexandra"]
[Result "0-1"]
[WhiteElo "1035"]
[BlackElo "1241"]
[PlyCount "54"]
[EventDate "2017.02.02"]
[EventType "swiss"]
[EventRounds "9"]
[EventCountry "ROU"]
[SourceTitle "CBM 176 Extra"]
[Source "ChessBase"]
[SourceDate "2017.03.02"]
[SourceVersion "1"]
[SourceVersionDate "2017.03.02"]
[SourceQuality "1"]

1. d4 d5 2. Nc3 Nf6 3. Nf3 e6 4. a3 Nbd7 5. Bf4 c5 6. Be5 Be7 7. Nb5 Nxe5 8. dxe5 Nd7 9. c3 a6 10. Nd6+ Bxd6 11. exd6 Qb6 12. Qa4 Qxb2 13. Rd1 Qxc3+ 14. Rd2 0-0 15. e3 b5 16. Qh4 Qxa3 17. Bd3 h6 18. Ng5 Qb4 19. Bh7+ Kh8 20. Nxf7+ Rxf7 21. Qd8+ Kxh7 22. Qe8 Rxf2 23. Kxf2 Qxd2+ 24. Kg3 Qxe3+ 25. Kh4 Qf4+ 26. g4 Nf6 27. h3 Qf2# 0-1

[Event "ROM-ch U10 Girls"]
[Site "Calimanesti Caciulata"]
[Date "2016.04.22"]
[Round "6"]
[White "Mihalea, Maria Ioana"]
[Black "Artene, Maria Alexandra"]
[Result "1-0"]
[WhiteElo "1115"]
[BlackElo "1001"]
[PlyCount "35"]
[EventDate "2016.04.18"]
[EventType "swiss"]
[EventRounds "9"]
[EventCountry "ROU"]
[SourceTitle "CBM 172 Extra"]
[Source "ChessBase"]
[SourceDate "2016.06.21"]
[SourceVersion "1"]
[SourceVersionDate "2016.06.21"]
[SourceQuality "1"]

1. e4 c5 2. Nc3 e6 3. b3 a6 4. Nf3 Nc6 5. Be2 Nge7 6. d3 g6 7. Be3 Bg7 8. Qd2 d6 9. Rb1 0-0 10. 0-0 b5 11. Bh6 Bb7 12. Bxg7 Kxg7 13. Nd1 Qc7 14. Ne3 Rad8 15. Ng4 e5 16. Qh6+ Kh8 17. Ng5 Kg8 18. Qxh7# 1-0

[Event "ROM-ch U10 Girls"]
[Site "Calimanesti Caciulata"]
[Date "2016.04.21"]
[Round "5"]
[White "Artene, Maria Alexandra"]
[Black "Suvac, Marina Irina"]
[Result "1-0"]
[WhiteElo "1001"]
[BlackElo "1001"]
[PlyCount "141"]
[EventDate "2016.04.18"]
[EventType "swiss"]
[EventRounds "9"]
[EventCountry "ROU"]
[SourceTitle "CBM 172 Extra"]
[Source "ChessBase"]
[SourceDate "2016.06.21"]
[SourceVersion "1"]
[SourceVersionDate "2016.06.21"]
[SourceQuality "1"]

1. d4 d5 2. c4 c6 3. Nc3 Bf5 4. Nf3 Nf6 5. Bg5 e6 6. e3 Be7 7. Be2 h6 8. Bh4 Na6 9. 0-0 0-0 10. h3 Ne4 11. Bxe7 Qxe7 12. Rc1 Nxc3 13. bxc3 dxc4 14. Bxc4 b5 15. Bd3 Bxd3 16. Qxd3 Rad8 17. a4 Nc7 18. Ne5 Qe8 19. axb5 cxb5 20. Ra1 a6 21. Rfb1 f6 22. Ng4 Ra8 23. c4 bxc4 24. Qxc4 Qe7 25. Rb7 Rfc8 26. e4 Kf8 27. d5 Nb5 28. Qxc8+ Rxc8 29. Rxe7 Kxe7 30. Rxa6 exd5 31. exd5 f5 32. Re6+ Kd7 33. Ne5+ Kd8 34. Nc6+ Kc7 35. Re7+ Kd6 36. Rxg7 Kxd5 37. Ne7+ Ke6 38. Nxc8 Kf6 39. Rb7 Nd4 40. Kf1 Kg5 41. Rg7+ Kh5 42. Kg1 Ne2+ 43. Kh2 Nd4 44. Kg3 Ne2+ 45. Kh2 Nd4 46. Ne7 Kh4 47. g4 fxg4 48. Rxg4+ Kh5 49. Rxd4 Kg5 50. Kg3 h5 51. h4+ Kf6 52. Ng8+ Ke5 53. Rd2 Kf5 54. Re2 Kg6 55. Kf4 Kh7 56. Nf6+ Kg6 57. Re6 Kf7 58. Kf5 Kg7 59. Nxh5+ Kf7 60. Nf6 Kg7 61. Re7+ Kf8 62. Re8+ Kg7 63. h5 Kf7 64. Rg8 Ke7 65. h6 Kd6 66. h7 Kc5 67. h8Q Kd4 68. Nh5+ Kd3 69. Nf4+ Kd2 70. Qd4+ Ke1 71. Rg1# 1-0